000 01025nam0a22002771 4500
001 rc\3624290
005 20260503064246.0
021 _aRU
_b[72-35858]
035 _a(NLR Aleph) 007719699
090 _a6937635
_c6937635
100 _a20130115d1972 |||y0rusy50 ca
101 0 _arus
102 _aRU
105 _aa z |||a|
200 1 _aБыль-небылица
_aРазговор в парадном подъезде
_e[Стихи
_fИл.: А. Ермолаев]
210 _aМосква
_cДет. лит.
_d1972
215 _a32 с.
_cил.
_d28
225 1 _aШкольная библиотека
_i[Для начальной школы]
700 1 _8rus
_7ca
_aМаршак
_bС. Я.
_f1887-1964
_gСамуил Яковлевич
_3RU\NLR\AUTH\774792
_9114767
702 1 _4440
_aЕрмолаев
_bА. М.
_f1900-1977
_gАдриан Михайлович
_3RU\NLR\AUTH\770151543
_9151505
801 0 _aRU
_bNLR
_gpsbo
801 1 _aRU
_bELAR
_2rusmarc
852 _aNLR
_j72-8/878
942 _cBOOK
980 _aNB